000 00498nam a2200181Ia 4500
003 OSt
005 20250206093706.0
008 210210b1992 xxu||||| |||| 00| 0 eng d
040 _cal
082 _aK894.7 KARV
100 _aKARNATAKA SAHITYA AKADEMI.
_9197988
245 _aVinoda sahitya 1991.
_bವಿನೋದ ಸಾಹಿತ್ಯ
260 _aBengaluru
_bKarnataka Sahitya Akademi
_c1992
300 _axii,235
690 _aKannada Humour
_9197989
906 _a054065
942 _2ddc
_cBK
999 _c102091
_d102091